[Event "36th Zalakaros Open 2017"]
[Site "Zalakaros HUN"]
[Date "2017.05.18"]
[Round "1.28"]
[White "Rajdeep, Sarkar"]
[Black "Chernyshov, Konstantin"]
[Result "0-1"]
[WhiteTitle "FM"]
[BlackTitle "GM"]
[WhiteElo "2312"]
[BlackElo "2485"]
[WhiteFideId "25007963"]
[BlackFideId "4117328"]
[EventDate "2017.05.18"]

1. Nf3 Nf6 2. g3 b6 3. Bg2 Bb7 4. O-O e6 5. c4 Be7 6. Nc3 O-O 7. Re1 d5 8. cxd5
exd5 9. d4 Na6 10. Bf4 c5 11. Rc1 Nc7 12. dxc5 Bxc5 13. Bxc7 Qxc7 14. b4 Bxb4
15. Nxd5 Qd6 16. Nxb4 Qxb4 17. Nd4 Bxg2 18. Kxg2 Rad8 19. e3 Rd7 20. Qe2 Re8 21.
Rc4 Qe7 22. Rec1 g6 23. Qf3 Kg7 24. Rc8 Rxc8 25. Rxc8 Rd5 26. Qf4 Rxd4 27. Qxd4
Qb7+ 28. f3 Qxc8 29. g4 Qc5 30. Qd3 Qd5 0-1

[Event "36th Zalakaros Open 2017"]
[Site "Zalakaros HUN"]
[Date "2017.05.18"]
[Round "1.29"]
[White "Gasanov, Eldar"]
[Black "Secheres, Adrian-Simion"]
[Result "1-0"]
[WhiteTitle "GM"]
[BlackTitle "FM"]
[WhiteElo "2484"]
[BlackElo "2309"]
[WhiteFideId "14104466"]
[BlackFideId "1217445"]
[EventDate "2017.05.18"]

1. d4 Nf6 2. c4 g6 3. Nc3 Bg7 4. e4 d6 5. Be2 O-O 6. Bg5 Na6 7. Qd2 Qe8 8. f4 e5
9. fxe5 dxe5 10. d5 Nc5 11. Bf3 a5 12. Nge2 Bd7 13. O-O b6 14. b3 Qe7 15. Nc1
Rfb8 16. Nd3 Nxd3 17. Qxd3 Qf8 18. Bxf6 Bxf6 19. Bg4 Bxg4 20. Rxf6 Qc5+ 21. Kh1
Bd7 22. Raf1 Rf8 23. Qf3 Be8 24. Qg3 a4 25. Qxe5 axb3 26. axb3 Ra3 27. Ne2 1-0

[Event "36th Zalakaros Open 2017"]
[Site "Zalakaros HUN"]
[Date "2017.05.18"]
[Round "1.30"]
[White "Krykun, Yuriy"]
[Black "Kantor, Gergely"]
[Result "1/2-1/2"]
[WhiteTitle "FM"]
[BlackTitle "IM"]
[WhiteElo "2308"]
[BlackElo "2481"]
[WhiteFideId "14140667"]
[BlackFideId "751499"]
[EventDate "2017.05.18"]

1. Nf3 d5 2. d4 Nf6 3. c4 e6 4. e3 a6 5. Nbd2 c5 6. b3 cxd4 7. exd4 Nc6 8. Bb2
g6 9. Bd3 Bg7 10. O-O O-O 11. Re1 b6 12. Rc1 Bb7 13. Bf1 Rc8 14. Ne5 dxc4 15.
Nxc6 Bxc6 16. bxc4 b5 17. Ba3 Re8 18. cxb5 Bxb5 19. Rxc8 Qxc8 20. Bxb5 axb5 21.
Qb3 Qa6 22. Bc5 Ra8 23. a3 Nd7 24. Rb1 Rb8 25. Nf3 Nxc5 26. dxc5 Qc6 27. Qb4 Rd8
28. Kf1 Bf8 29. Qxb5 1/2-1/2

[Event "36th Zalakaros Open 2017"]
[Site "Zalakaros HUN"]
[Date "2017.05.18"]
[Round "1.31"]
[White "Czebe, Attila"]
[Black "Pultorak, Jan"]
[Result "1-0"]
[WhiteTitle "GM"]
[BlackTitle "FM"]
[WhiteElo "2475"]
[BlackElo "2303"]
[WhiteFideId "705268"]
[BlackFideId "1176021"]
[EventDate "2017.05.18"]

1. Nf3 Nf6 2. g3 d5 3. Bg2 c6 4. O-O Bg4 5. d3 Nbd7 6. h3 Bh5 7. Nbd2 e5 8. e4
dxe4 9. dxe4 Bc5 10. Qe1 O-O 11. Nb3 Bb6 12. Nh4 Re8 13. Nf5 Qc7 14. a4 a5 15.
Be3 Bxe3 16. Qxe3 Bg6 17. Rad1 Bxf5 18. exf5 Nb6 19. Nc5 Nbd5 20. Qe2 Qb6 21.
Qc4 e4 22. Bxe4 Nxe4 23. Nxe4 Qxb2 24. Nd6 Red8 25. Rb1 Qc3 26. Rbd1 Rd7 27.
Rfe1 Qf6 28. Ne4 Qxf5 29. Nc5 Nb6 30. Qc3 Rxd1 31. Rxd1 Nd5 32. Qd2 b6 33. c4
bxc5 34. cxd5 cxd5 35. Qxd5 Qxd5 36. Rxd5 Rc8 37. Kf1 Kf8 38. Ke2 Ke7 39. Kd3
Ke6 40. Kc4 Rb8 41. Kxc5 Rb2 42. Kc6 Rxf2 43. Rxa5 Rf3 44. g4 Rxh3 45. Rb5 Rh4
46. Rb4 h5 47. Re4+ Kf6 48. g5+ Kxg5 49. Rxh4 Kxh4 50. a5 Kg3 51. a6 h4 52. a7
h3 53. a8=Q Kf2 54. Qa2+ Kg1 55. Qa1+ Kg2 56. Qxg7+ Kf2 57. Qh6 Kg2 58. Qg5+ Kh1
59. Qg3 h2 60. Qf2 1-0

[Event "36th Zalakaros Open 2017"]
[Site "Zalakaros HUN"]
[Date "2017.05.18"]
[Round "1.32"]
[White "Rahul, Srivatshav P"]
[Black "Praggnanandhaa, R"]
[Result "1/2-1/2"]
[BlackTitle "IM"]
[WhiteElo "2303"]
[BlackElo "2471"]
[WhiteFideId "25059653"]
[BlackFideId "25059530"]
[EventDate "2017.05.18"]

1. d4 Nf6 2. c4 e6 3. Nc3 d5 4. cxd5 exd5 5. Bg5 c6 6. e3 Be7 7. Bd3 Nbd7 8. Nf3
Ne4 9. Bf4 Ndf6 10. Qc2 O-O 11. O-O Nxc3 12. bxc3 h6 13. h3 c5 14. c4 Be6 15.
dxc5 Rc8 16. c6 bxc6 17. Rab1 dxc4 18. Bxc4 Bxc4 19. Qxc4 Qd5 20. Rfc1 c5 21.
Be5 Qxc4 22. Rxc4 Nd5 23. Rb7 Rfe8 24. Rxa7 Bf8 25. e4 Nb6 26. Rc2 f6 27. Rb7
Na8 28. Bg3 Rxe4 29. Nh4 c4 30. Nf5 Re6 31. Ne3 Rec6 32. Rxc4 Rxc4 33. Nxc4 Rxc4
34. Rb8 Nc7 35. Rc8 Ra4 36. Rxc7 Rxa2 1/2-1/2

[Event "36th Zalakaros Open 2017"]
[Site "Zalakaros HUN"]
[Date "2017.05.18"]
[Round "1.33"]
[White "Horvath, Adam1"]
[Black "Sadhwani, Raunak"]
[Result "1/2-1/2"]
[WhiteTitle "GM"]
[BlackTitle "FM"]
[WhiteElo "2469"]
[BlackElo "2298"]
[WhiteFideId "708003"]
[BlackFideId "35093487"]
[EventDate "2017.05.18"]

1. e4 c6 2. d4 d5 3. Nc3 dxe4 4. Nxe4 Bf5 5. Ng3 Bg6 6. c3 Nf6 7. Nh3 e6 8. Nf4
Bd6 9. h4 Bxf4 10. Bxf4 h6 11. h5 Bh7 12. Qb3 Qe7 13. Be2 O-O 14. O-O a5 15. a4
Nd5 16. Bd2 Na6 17. Rfe1 Qc7 18. Bf3 Rfd8 19. Re5 Kh8 20. Rae1 Rab8 21. Qd1 Qd6
22. Qc1 Qf8 23. Be4 Bxe4 24. R5xe4 b5 25. Qc2 Nac7 26. Ra1 Ra8 27. Ree1 Nb6 28.
b3 bxa4 29. c4 Na6 30. c5 axb3 31. Qxb3 Nd5 32. Rxa5 Nac7 33. Qb7 Qe8 34. Rxa8
Rxa8 35. Nf5 Rb8 36. Qa7 Ra8 37. Qb7 Rb8 38. Qa7 Ra8 1/2-1/2

[Event "36th Zalakaros Open 2017"]
[Site "Zalakaros HUN"]
[Date "2017.05.18"]
[Round "1.34"]
[White "Szabo, Marton Mihaly"]
[Black "Jarmula, Lukasz"]
[Result "0-1"]
[WhiteTitle "FM"]
[BlackTitle "IM"]
[WhiteElo "2298"]
[BlackElo "2469"]
[WhiteFideId "787086"]
[BlackFideId "1160664"]
[EventDate "2017.05.18"]

1. e4 c5 2. Nf3 g6 3. d4 cxd4 4. Qxd4 Nf6 5. Nc3 Nc6 6. Qa4 d6 7. e5 dxe5 8.
Nxe5 Bg7 9. Nxc6 bxc6 10. Be2 O-O 11. O-O Nd5 12. Nxd5 cxd5 13. c3 e5 14. Rd1
Bd7 15. Qa3 Be6 16. Be3 d4 17. cxd4 exd4 18. Bf3 Qb6 19. Bf4 Rac8 20. Rac1 Rfd8
21. b3 Rc3 22. Bd2 Bf8 23. Qb2 Rxf3 24. gxf3 Qb7 25. Ba5 Qxf3 26. Qd2 Bd5 27.
Kf1 Re8 28. Qg5 Qh1+ 0-1

[Event "36th Zalakaros Open 2017"]
[Site "Zalakaros HUN"]
[Date "2017.05.18"]
[Round "1.35"]
[White "Livaic, Leon"]
[Black "Risting, Eivind Olav"]
[Result "1-0"]
[WhiteTitle "IM"]
[BlackTitle "FM"]
[WhiteElo "2464"]
[BlackElo "2297"]
[WhiteFideId "14531534"]
[BlackFideId "1517333"]
[EventDate "2017.05.18"]

1. d4 Nf6 2. c4 c5 3. d5 b5 4. cxb5 a6 5. bxa6 g6 6. Nc3 Bg7 7. e4 O-O 8. a7
Rxa7 9. Nf3 e6 10. Be2 exd5 11. exd5 d6 12. O-O Na6 13. Re1 Nc7 14. Bf4 Rb7 15.
Qd2 Nfxd5 16. Bg5 Nf6 17. Rad1 d5 18. b3 d4 19. Na4 Ne6 20. Bc4 Qd6 21. Bh4 Nd5
22. Bg3 Qd8 23. Ne5 Ndc7 24. Nd3 Nd5 25. Ndxc5 Nxc5 26. Nxc5 Ra7 27. Ne4 Be6 28.
Bd6 Re8 29. Bc5 Rc7 30. Bxd4 Nf6 31. Bxf6 Bxf6 32. Qf4 1-0

[Event "36th Zalakaros Open 2017"]
[Site "Zalakaros HUN"]
[Date "2017.05.18"]
[Round "1.36"]
[White "Injac, Teodora"]
[Black "Puranik, Abhimanyu"]
[Result "0-1"]
[WhiteTitle "WFM"]
[BlackTitle "IM"]
[WhiteElo "2296"]
[BlackElo "2459"]
[WhiteFideId "932400"]
[BlackFideId "5061245"]
[EventDate "2017.05.18"]

1. Nf3 Nf6 2. c4 g6 3. Nc3 d5 4. cxd5 Nxd5 5. e4 Nxc3 6. dxc3 Qxd1+ 7. Kxd1 f6
8. h4 Bg4 9. Kc2 e5 10. Be3 Nd7 11. Bc4 Nb6 12. Bb5+ c6 13. Bd3 h5 14. a4 Nd7
15. Nd2 Bc5 16. Bxc5 Nxc5 17. Bc4 a5 18. f3 Bd7 19. Ra3 Ke7 20. Nb3 Ne6 21. Bxe6
Bxe6 22. Nc5 Bc8 23. b4 b6 24. Nb3 Rg8 25. bxa5 bxa5 26. Kd3 Ba6+ 27. c4 Bc8 28.
Ra2 Be6 29. Kc3 g5 30. hxg5 Rxg5 31. Rd2 f5 32. exf5 Rxf5 33. Nc5 Rb8 34. Rhd1
Rg5 35. Nxe6 Kxe6 36. Rd7 Rf8 37. R1d2 Kf5 38. Ra7 Rfg8 39. Rxa5 Rxg2 40. Rd7
R2g7 41. Rd6 Rg6 42. Rxg6 Rxg6 43. Ra8 Kf4 44. Rf8+ Kg3 45. Kb4 Rh6 46. a5 h4
47. a6 Rh7 48. Kc5 h3 49. Rb8 h2 50. Rb1 h1=Q 51. Rxh1 Rxh1 52. Kxc6 Kxf3 53. a7
Ra1 54. Kb7 Ke4 55. c5 Kd5 56. c6 Rxa7+ 0-1

[Event "36th Zalakaros Open 2017"]
[Site "Zalakaros HUN"]
[Date "2017.05.18"]
[Round "1.37"]
[White "Krzyzanowski, Marcin"]
[Black "Gazik, Igor"]
[Result "1-0"]
[WhiteTitle "IM"]
[BlackTitle "IM"]
[WhiteElo "2457"]
[BlackElo "2292"]
[WhiteFideId "1132199"]
[BlackFideId "14900149"]
[EventDate "2017.05.18"]

1. e4 Nf6 2. e5 Nd5 3. d4 d6 4. Nf3 Bg4 5. Be2 e6 6. h3 Bh5 7. O-O Be7 8. c4 Nb6
9. Nc3 O-O 10. exd6 cxd6 11. Be3 d5 12. c5 Nc4 13. Bxc4 dxc4 14. g4 Bg6 15. Ne5
Nc6 16. Nxc4 f5 17. f4 fxg4 18. hxg4 Bf6 19. Nd6 Bxd4 20. Bxd4 Qh4 21. Bf2 Qh3
22. Ne2 Qxg4+ 23. Ng3 Qxf4 24. Qe2 Ne5 25. Qe3 Nf3+ 26. Kg2 Qg4 27. Rh1 h5 28.
Rac1 Rf4 29. Rc4 Rxc4 30. Nxc4 Rf8 31. Rc1 h4 32. Nd6 Ng5 33. Rh1 Rf3 34. Qe5
Rxf2+ 1-0

[Event "36th Zalakaros Open 2017"]
[Site "Zalakaros HUN"]
[Date "2017.05.18"]
[Round "1.38"]
[White "Chovan, Milan"]
[Black "Bagi, Mate"]
[Result "1/2-1/2"]
[WhiteTitle "FM"]
[BlackTitle "IM"]
[WhiteElo "2288"]
[BlackElo "2455"]
[WhiteFideId "14933691"]
[BlackFideId "742570"]
[EventDate "2017.05.18"]

1. c4 Nf6 2. Nc3 c5 3. Nf3 d5 4. cxd5 Nxd5 5. g3 Nc6 6. Bg2 Nc7 7. O-O e5 8. d3
Be7 9. Nd2 Bd7 10. Nc4 f6 11. f4 b5 12. Ne3 exf4 13. Nf5 b4 14. Nxe7 Qxe7 15.
Ne4 Ne6 16. gxf4 f5 17. Ng3 O-O 18. e3 Rad8 19. Qc2 Na5 20. b3 Bb5 21. Rd1 Qd7
22. Bf1 c4 23. d4 Rc8 24. Qd2 c3 25. Bxb5 Qxb5 26. Qc2 Qd5 27. Qg2 Nc7 28. Re1
Qxg2+ 29. Kxg2 Nd5 30. Re2 g6 31. Kf3 Rc6 32. Rc2 Ra6 33. Rb1 Nc6 34. Nh1 Rd8
35. Nf2 Nf6 36. Re2 Ra5 37. a3 Rb8 38. Ra2 bxa3 39. Rba1 Rxb3 40. Rxa3 Rbxa3 41.
Rxa3 Nd5 42. Rxa5 Nxa5 43. Nd3 Nb3 44. Ba3 Kf7 45. Ke2 Nd2 46. Nb4 Nxe3 47. Kxe3
Nc4+ 48. Kd3 Nxa3 49. Kxc3 Ke6 50. Kb3 Nb5 51. Kc4 Nd6+ 52. Kc5 a5 53. d5+ Kd7
54. Nc2 Ne4+ 55. Kd4 a4 56. Na3 Nd6 57. Ke5 Ke7 58. Kd4 Kd7 59. Kc5 Ne4+ 60. Kd4
g5 61. fxg5 Nxg5 62. Ke5 Nf3+ 63. Kxf5 Nxh2 64. Nc4 Ke7 65. d6+ Kd8 66. Ne5 Nf3
67. Nxf3 Kd7 68. Ke5 a3 69. Kd5 a2 70. Ne5+ Kc8 71. Kc6 a1=Q 72. d7+ Kd8 73.
Nf7+ Ke7 74. d8=Q+ Kxf7 75. Qd7+ Kg6 76. Qg4+ Kf7 77. Qd7+ Kg8 78. Qe8+ Kg7 79.
Qe7+ Kg6 80. Qe8+ Kh6 81. Qe3+ Kg6 82. Qe4+ Kg7 83. Qg4+ Kf7 84. Qd7+ Kf6 85.
Qxh7 Qa6+ 86. Kc5 1/2-1/2

[Event "36th Zalakaros Open 2017"]
[Site "Zalakaros HUN"]
[Date "2017.05.18"]
[Round "1.39"]
[White "Nguyen, Piotr"]
[Black "Rakesh, Kumar Jena"]
[Result "1-0"]
[WhiteTitle "IM"]
[BlackTitle "FM"]
[WhiteElo "2453"]
[BlackElo "2288"]
[WhiteFideId "1127993"]
[BlackFideId "5084822"]
[EventDate "2017.05.18"]

1. d4 d5 2. c4 c6 3. Nf3 Nf6 4. Nc3 a6 5. c5 g6 6. Bf4 Nh5 7. Qd2 Nxf4 8. Qxf4
Bg7 9. e4 dxe4 10. Bc4 O-O 11. Ne5 Bf5 12. O-O-O Nd7 13. Nxf7 Rxf7 14. g4 e5 15.
Bxf7+ Kf8 16. dxe5 Qh4 17. Qg3 Qxg3 18. hxg3 Bxg4 19. Rxd7 Bxd7 20. e6 Be8 21.
Rxh7 e3 22. fxe3 Bxf7 23. exf7 Kxf7 24. Ne4 Kg8 25. Rh4 Re8 26. Rg4 a5 27. b3
Re5 28. Kd2 Kh7 29. Kd3 Rd5+ 30. Ke2 Re5 31. Kf3 Bh6 32. Rh4 Kg7 33. g4 Bg5 34.
Rh2 Be7 35. Rd2 Rd5 36. Rxd5 cxd5 37. Nc3 Bxc5 38. Nxd5 Kf7 39. Ke4 Ke6 40. Nf4+
Kf7 41. a4 Bb6 42. Nd5 Bc5 43. Ke5 b6 44. e4 1-0

[Event "36th Zalakaros Open 2017"]
[Site "Zalakaros HUN"]
[Date "2017.05.18"]
[Round "1.40"]
[White "Marosi, Levente"]
[Black "Nemeth, Miklos1"]
[Result "0-1"]
[WhiteTitle "FM"]
[BlackTitle "IM"]
[WhiteElo "2286"]
[BlackElo "2451"]
[WhiteFideId "747181"]
[BlackFideId "720232"]
[EventDate "2017.05.18"]

1. e4 e5 2. Nf3 Nc6 3. d4 exd4 4. Nxd4 Bc5 5. Nxc6 Qf6 6. Qf3 Qxc6 7. Nc3 Ne7 8.
Be3 O-O 9. O-O-O d6 10. h4 Be6 11. h5 f5 12. Bg5 fxe4 13. Qxe4 d5 14. Qd3 Rxf2
15. Be2 Bf5 16. Qd2 Re8 17. Rhf1 Rxg2 18. Bxe7 Rxe7 19. Qxd5+ Qxd5 20. Rxd5 Be3+
21. Kb1 g6 22. hxg6 hxg6 23. Bd3 Rg1 24. Rxg1 Bxg1 25. a4 Re1+ 26. Ka2 Be6 27.
b3 Bxd5 28. Nxd5 c6 29. Nf4 g5 0-1

[Event "36th Zalakaros Open 2017"]
[Site "Zalakaros HUN"]
[Date "2017.05.18"]
[Round "1.41"]
[White "Gazik, Viktor"]
[Black "Krstulovic, Alex"]
[Result "1-0"]
[WhiteTitle "IM"]
[BlackTitle "FM"]
[WhiteElo "2449"]
[BlackElo "2280"]
[WhiteFideId "14928752"]
[BlackFideId "760056"]
[EventDate "2017.05.18"]

1. Nf3 d5 2. g3 Nf6 3. Bg2 c6 4. O-O Bg4 5. d3 e6 6. Nbd2 Nbd7 7. b3 Bd6 8. Bb2
O-O 9. Qe1 Qe7 10. a3 e5 11. e4 a5 12. Nh4 Rae8 13. h3 Be6 14. Kh1 Nh5 15. Qe2
g6 16. Nf5 Bxf5 17. exf5 Qg5 18. Bf3 Ng7 19. fxg6 hxg6 20. c4 Nf6 21. Bg2 Nf5
22. Nf3 Qh5 23. cxd5 cxd5 24. Rae1 Re6 25. Kg1 e4 26. dxe4 dxe4 27. Nd4 Nxd4 28.
Qxh5 Nxh5 29. Bxd4 f5 30. a4 Bb4 31. Rc1 Rd8 32. Be3 Rd3 33. Bg5 Rc6 34. Rxc6
bxc6 35. Rc1 Rxb3 36. Rxc6 Rb1+ 37. Bf1 f4 38. gxf4 e3 39. Rc2 Bc5 40. Kg2 exf2
41. Rxc5 Rxf1 42. Rc8+ 1-0

[Event "36th Zalakaros Open 2017"]
[Site "Zalakaros HUN"]
[Date "2017.05.18"]
[Round "1.42"]
[White "Banzea, Alexandru-Bogdan"]
[Black "Kreisl, Robert"]
[Result "1/2-1/2"]
[WhiteTitle "FM"]
[BlackTitle "IM"]
[WhiteElo "2278"]
[BlackElo "2448"]
[WhiteFideId "1232622"]
[BlackFideId "1613880"]
[EventDate "2017.05.18"]

1. e4 c6 2. d4 d5 3. exd5 cxd5 4. Nf3 Nc6 5. Ne5 Nf6 6. Bb5 Bd7 7. Nxd7 Qxd7 8.
c3 a6 9. Bd3 e6 10. Bg5 Be7 11. O-O h6 12. Bh4 O-O 13. Nd2 Ne8 14. Bxe7 Qxe7 15.
f4 Nd6 16. Nf3 f5 17. Ne5 Nxe5 18. fxe5 Ne4 19. a4 a5 1/2-1/2

[Event "36th Zalakaros Open 2017"]
[Site "Zalakaros HUN"]
[Date "2017.05.18"]
[Round "1.43"]
[White "Swayams, Mishra"]
[Black "Horvath, Dominik"]
[Result "0-1"]
[WhiteTitle "IM"]
[BlackTitle "FM"]
[WhiteElo "2448"]
[BlackElo "2275"]
[WhiteFideId "5028183"]
[BlackFideId "1642561"]
[EventDate "2017.05.18"]

1. d4 Nf6 2. c4 e6 3. Nf3 d5 4. Nc3 Bb4 5. Qa4+ Nc6 6. Bd2 O-O 7. e3 dxc4 8.
Bxc4 Bd6 9. e4 e5 10. dxe5 Nxe5 11. Nxe5 Bxe5 12. O-O-O Qe8 13. Qc2 Be6 14. Bd3
Ng4 15. Rhf1 Nxh2 16. Rh1 Ng4 17. f4 Bxc3 18. Qxc3 f5 19. exf5 Bxf5 20. Rde1 Qg6
21. Bc4+ Kh8 22. Re7 Rad8 23. Rhe1 Nf6 24. Be3 b5 25. Bb3 Ne4 26. Rxe4 Bxe4 27.
Bd4 Rxf4 28. Be5 Rg4 29. g3 Qc6 30. Qxc6 Bxc6 31. Bxc7 Re8 32. Rd1 Rge4 33. Ba5
Re2 34. a3 Be4 35. Rd7 Rf8 36. Bd1 Rg2 37. Re7 Bf5 38. Re3 h6 39. Bc3 Rd8 40.
Be1 Rc8+ 41. Bc3 Rd8 42. Re5 Bg6 43. g4 Rg1 44. Bd2 Bd3 45. Ba5 Rd7 46. Be1 Rg2
47. Bc3 Kh7 48. Re6 Bg6 49. Re5 a6 50. Re1 Rh2 51. Bb3 Rd3 52. Bd1 Rd7 53. Bb3
h5 54. gxh5 Rxh5 55. Be6 Rd6 56. Bb3 Bf5 57. Bd1 Rh2 58. Rf1 Be4 59. Re1 Rh1 60.
Rxe4 Rhxd1+ 61. Kc2 R1d5 62. Re7 Rd7 63. Re6 R5d6 64. Re5 Kh6 65. Re1 g5 66.
Rh1+ Kg6 67. Rg1 Rf7 68. Kb3 Rf4 69. Be5 Rd3+ 70. Kc2 Rff3 71. Bf4 Rd5 72. Bc1
a5 73. Kb1 b4 74. axb4 axb4 75. Ka2 Ra5+ 76. Kb1 b3 77. Rg4 Rf1 78. Rc4 Rd5 79.
Rc6+ Kh5 80. Rc3 Rdd1 81. Rc5 Kh4 82. Rc8 g4 83. Rh8+ Kg3 84. Rc8 Rxc1+ 85. Rxc1
Rxc1+ 0-1

[Event "36th Zalakaros Open 2017"]
[Site "Zalakaros HUN"]
[Date "2017.05.18"]
[Round "1.44"]
[White "Ganaus, Hannes"]
[Black "Basso, Pier Luigi"]
[Result "0-1"]
[WhiteTitle "IM"]
[BlackTitle "IM"]
[WhiteElo "2271"]
[BlackElo "2447"]
[WhiteFideId "1602454"]
[BlackFideId "866970"]
[EventDate "2017.05.18"]

1. d4 d5 2. c4 e6 3. Nf3 Nf6 4. cxd5 exd5 5. Nc3 c6 6. Bf4 Bd6 7. Bg3 O-O 8. e3
Bf5 9. Bd3 Bxd3 10. Qxd3 Bxg3 11. hxg3 Qd6 12. g4 Re8 13. Ne5 Nbd7 14. g5 Ne4
15. Nxe4 dxe4 16. Qxe4 Qb4+ 17. Kf1 Nf8 18. Qc2 c5 19. Nd3 Qb5 20. dxc5 Rad8 21.
Rd1 Re5 22. Rh4 Red5 23. Rc4 Ne6 24. b4 Rxg5 25. f3 Rgd5 26. a4 Qd7 27. Ke2 Qe7
28. Kf2 a5 29. bxa5 Qd7 30. Ke2 Qc7 31. Nf2 Rxd1 32. Nxd1 Qxa5 33. Nf2 Qc7 34.
Nd3 Qh2 35. Kf2 Ng5 36. Nf4 Qh4+ 37. Kf1 Qh1+ 38. Ke2 Ne6 39. Nd3 Qxg2+ 40. Nf2
Ng5 41. Qf5 Nxf3 42. Rc2 Ng1+ 43. Ke1 Qg3 44. Kf1 Nf3 45. Qe4 h5 46. Qxb7 Re8
47. e4 Qg1+ 0-1

[Event "36th Zalakaros Open 2017"]
[Site "Zalakaros HUN"]
[Date "2017.05.18"]
[Round "1.45"]
[White "Nagy, Gabor1"]
[Black "Sankalp, Gupta"]
[Result "1/2-1/2"]
[WhiteTitle "IM"]
[WhiteElo "2446"]
[BlackElo "2269"]
[WhiteFideId "737119"]
[BlackFideId "5097010"]
[EventDate "2017.05.18"]

1. Nf3 Nf6 2. c4 g6 3. Nc3 d5 4. cxd5 Nxd5 5. Qb3 Nb6 6. d4 Bg7 7. Bf4 O-O 8.
Rd1 c6 9. e3 Be6 10. Qc2 Nd5 11. Be5 Qa5 12. Bxg7 Kxg7 13. a3 Nd7 14. Be2 N7b6
15. Ng5 Bd7 16. Ne4 Nxc3 17. Nxc3 Rac8 18. O-O c5 19. Qe4 cxd4 20. Qxd4+ Kg8 21.
Qh4 Qe5 22. Rd4 Bc6 23. Rfd1 Kg7 24. Qh3 Rc7 25. Rh4 Rh8 26. Bf3 Bd7 27. Bg4 Bc6
28. Bf3 Bd7 29. Bg4 Bc6 30. Bf3 1/2-1/2

[Event "36th Zalakaros Open 2017"]
[Site "Zalakaros HUN"]
[Date "2017.05.18"]
[Round "1.46"]
[White "Terbe, Julianna"]
[Black "Plenca, Jadranko"]
[Result "0-1"]
[WhiteTitle "WFM"]
[BlackTitle "IM"]
[WhiteElo "2258"]
[BlackElo "2446"]
[WhiteFideId "708780"]
[BlackFideId "14527146"]
[EventDate "2017.05.18"]

1. e4 e5 2. Nf3 Nc6 3. Nc3 Nf6 4. a3 Bc5 5. Nxe5 Nxe5 6. d4 Bd6 7. f4 Nc6 8. e5
Be7 9. d5 Nxd5 10. Nxd5 d6 11. exd6 Bxd6 12. Be3 Be6 13. Nc3 Qe7 14. Bb5 Bf5 15.
Qf3 O-O 16. O-O Bxc2 17. Rfe1 Qd7 18. Rac1 Bf5 19. Nd5 Rfe8 20. Qg3 Kh8 21. Red1
Re6 22. Nb4 a6 23. Nxc6 axb5 24. Nd4 Re7 25. Qg5 Bg4 26. f5 Rxe3 27. f6 g6 28.
Qxe3 Bxd1 29. Rxd1 Re8 30. Qc1 Kg8 31. Kh1 Re5 32. Nf3 Rh5 33. Qc3 Rf5 34. Nh4
Rf4 35. g3 Rc4 36. Qd2 Qc6+ 37. Kg1 Bc5+ 0-1

[Event "36th Zalakaros Open 2017"]
[Site "Zalakaros HUN"]
[Date "2017.05.18"]
[Round "1.47"]
[White "Munkhgal, Gombosuren"]
[Black "Varga, Klara"]
[Result "1-0"]
[WhiteTitle "IM"]
[BlackTitle "WIM"]
[WhiteElo "2445"]
[BlackElo "2240"]
[WhiteFideId "4901266"]
[BlackFideId "733210"]
[EventDate "2017.05.18"]

1. d4 e6 2. c4 Nf6 3. Nc3 Bb4 4. Qc2 d5 5. cxd5 exd5 6. Bg5 c6 7. e3 h6 8. Bh4
O-O 9. Bd3 c5 10. dxc5 d4 11. O-O-O g5 12. Bc4 Kg7 13. Rxd4 Qe7 14. Bg3 Bxc5 15.
Rd2 Nc6 16. h4 Nb4 17. Qb1 b5 18. hxg5 hxg5 19. Bd5 Bxe3 20. fxe3 Nbxd5 21. Nxd5
Qc5+ 22. Qc2 Qxc2+ 23. Kxc2 Bf5+ 24. Kd1 Ne4 25. Be5+ f6 26. Bd4 Nxd2 27. Kxd2
Rac8 28. Ne2 Be6 29. Nxf6 Rxf6 30. Rf1 Rf8 31. a3 Bc4 32. Rxf6 Rxf6 33. e4 Kg6
34. Bxf6 Kxf6 35. Nd4 Ke5 36. Ke3 a6 37. b4 Bf1 38. g3 Bg2 39. Nf3+ Kf6 40. Ne1
Bf1 41. Nd3 Bg2 42. Kd4 1-0

[Event "36th Zalakaros Open 2017"]
[Site "Zalakaros HUN"]
[Date "2017.05.18"]
[Round "1.48"]
[White "Rigo, Janos"]
[Black "Shvayger, Yuliya"]
[Result "1/2-1/2"]
[WhiteTitle "IM"]
[BlackTitle "WGM"]
[WhiteElo "2236"]
[BlackElo "2423"]
[WhiteFideId "700371"]
[BlackFideId "14100126"]
[EventDate "2017.05.18"]

1. e4 c5 2. Nf3 Nc6 3. Bb5 g6 4. c3 Nf6 5. d3 Bg7 6. O-O O-O 7. Be3 d6 8. Bxc6
bxc6 9. h3 c4 10. Na3 cxd3 11. Qxd3 Qa5 12. Rfe1 Ba6 13. Qc2 Nd7 14. Nd4 Rfc8
15. b4 Qc7 16. Nb3 Rab8 17. Rad1 c5 18. bxc5 Nxc5 19. Nxc5 dxc5 20. Qa4 Bb7 21.
f3 Bxc3 22. Nb5 Bc6 23. Qc4 Bxb5 24. Qxc3 c4 25. Bh6 e5 26. f4 Ba4 27. Rd2 Rb5
28. Rc1 Qa5 29. Qxa5 Rxa5 30. Rxc4 Re8 31. Rd5 Rxd5 32. exd5 Bb5 33. Rb4 a6 34.
fxe5 Rxe5 35. a4 Be8 36. d6 f6 37. Rb7 Rd5 38. Rg7+ Kh8 39. Re7 Bxa4 40. Rf7
Rd1+ 41. Kf2 Bb3 42. Rf8+ Bg8 43. Rxf6 a5 44. Ke2 Rd5 45. Bd2 Kg7 46. Bc3 Kh6 1/2-1/2

[Event "36th Zalakaros Open 2017"]
[Site "Zalakaros HUN"]
[Date "2017.05.18"]
[Round "1.49"]
[White "Ikeda, Junta"]
[Black "Szalanczy, Emil"]
[Result "1-0"]
[WhiteTitle "IM"]
[BlackTitle "IM"]
[WhiteElo "2412"]
[BlackElo "2230"]
[WhiteFideId "3204731"]
[BlackFideId "700347"]
[EventDate "2017.05.18"]

1. Nf3 c5 2. c4 Nc6 3. Nc3 Nf6 4. g3 g6 5. Bg2 Bg7 6. O-O O-O 7. d4 cxd4 8. Nxd4
Ng4 9. e3 d6 10. Nde2 Rb8 11. h3 Nge5 12. b3 a6 13. Rb1 Nb4 14. f4 Ned3 15. Bd2
a5 16. a3 Na6 17. Qc2 Ndc5 18. b4 axb4 19. axb4 Nd7 20. Qd3 Nf6 21. e4 Bd7 22.
Be3 Nc7 23. Bb6 Qc8 24. g4 Ra8 25. c5 Ra3 26. cxd6 exd6 27. Qc4 Nb5 28. Qxc8
Rxc8 29. Nxb5 Bxb5 30. Rfe1 Nd7 31. Bd4 Bxe2 32. Bxg7 Kxg7 33. Rxe2 Rd3 34. Rbb2
Rc1+ 35. Kf2 Rcd1 36. Rbc2 Nf8 37. f5 Rd4 38. b5 b6 39. Rc7 h6 40. Rb7 Kf6 41.
h4 g5 42. h5 Nh7 43. Rxb6 Ke5 44. Rb7 Nf6 45. Kg3 R4d3+ 46. Bf3 Rg1+ 47. Kf2 Rb1
48. Kg3 Rbb3 49. Re7+ Kd4 50. Rf2 Rxb5 51. Kg2 Re5 52. Rxf7 Nxe4 53. Re2 Nd2 54.
Rxe5 Kxe5 55. Be2 Rb3 56. Re7+ Kf4 57. f6 Rb8 58. f7 Rf8 59. Bd3 d5 60. Bg6 Kxg4
61. Re8 Rxf7 62. Bxf7 d4 63. Re2 Nf3 64. Re4+ 1-0